000 00383nam a2200169Ia 4500
100 _aAbdulRahman/Kevin
650 _aPublic Speaking
942 _cBK
366 _f28
654 _apublic speaking
245 _a60 minutes to better public speaking
260 _bJaico Publishing House
_c2015
082 _bABD
300 _a138
546 _aENGLISH
_cComputers
999 _c30177
_d30177